Normal view
MARC view
Entry Topical Term
001 - CONTROL NUMBER
- control field: 26698
003 - CONTROL NUMBER IDENTIFIER
- control field: OSt
005 - DATE AND TIME OF LATEST TRANSACTION
- control field: 20231123131622.0
008 - FIXED-LENGTH DATA ELEMENTS
- fixed length control field: 231123|| aca||aabn | a|a d
040 ## - CATALOGING SOURCE
- Original cataloging agency: OSt
- Transcribing agency: OSt
150 ## - HEADING--TOPICAL TERM
- Topical term or geographic name entry element: Sexism
- Geographic subdivision: Korea (South)
- Form subdivision: Fiction.
670 ## - SOURCE DATA FOUND
- Source citation: Work cat.: (OSt): Cho, Nam-joo. 26696, Kim Jiyoung, born 1982 = Palsip Yi Nyeon Saeng Kim Jiyeong /, 2021.